| 000 | 00360nam a22001337a 4500 | ||
|---|---|---|---|
| 020 | _a9787508536606 | ||
| 040 | _cNUST | ||
| 082 |
_a808.02 _bQIW |
||
| 100 |
_aChen, Qiwen _986454 |
||
| 245 |
_aYuan Longping : _bThe father of hybrid rice |
||
| 260 |
_aChina ; _bChina Intercontinental press, _c2019. |
||
| 300 |
_a195p ; _bHardcover _c23 cm. |
||
| 942 |
_2ddc _cBK |
||
| 999 |
_c587334 _d587334 |
||